000 00692nam a2200229Ii 4500
003 JO-AjNU
008 230605s9999||||xx |||||||||||||| ||und||
017 _a1993/2062
020 _a977-5344-74-3
040 _aJO-AjNU
_bara
_erda
_cJO-AjNU
041 _aara
050 1 4 _aPS3503E4488 Z84 1993
100 3 _aقنصوه ،ابراهيم فتحي ,
_eauthor
_919351
245 0 0 _aسول بيلو
250 _aط1
264 3 1 _aالكويت :دار سعاد الصباح ،1993
300 _a105ص
336 _atext
_btxt
_2rdacontent
337 _aunmediated
_bn
_2rdamedia
338 _avolume
_bnc
_2rdacarrier
650 4 _a الأدباء الأمريكان -- تراجم 
_919352
999 _aA6367
_c9935
_d9935